Κατάλογος Βιβλιοθηκών Mediterranean College

Capital / A Critique of Political Economy: Volume 2 (Record no. 1290)

MARC details
000 -LEADER
fixed length control field 01470cam a22002054a 4500
005 - ΗΜΕΡΟΜΗΝΙΑ ΚΑΙ ΩΡΑ ΤΕΛΕΥΤΑΙΑΣ ΕΝΗΜΕΡΩΣΗΣ
Πεδίο ελέγχου 20250605164004.0
008 - FIXED-LENGTH DATA ELEMENTS--GENERAL INFORMATION
Πεδίο ελέγχου σταθερού μήκους 250528s ||||||||||||||||||||||||d
035 ## - SYSTEM CONTROL NUMBER
System control number 15735
020 ## - ISBN
ISBN 14044569
040 ## - ΠΗΓΗ ΚΑΤΑΛΟΓΟΓΡΑΦΗΣΗΣ
Φορέας πρωτότυπης καταλογογράφησης MC Athens Campus Library
Γλώσσα καταλογογράφησης Ελληνικά, Μοντέρνα (1453-)
Modifying agency MC Athens Campus Library
Κανόνες περιγραφικής καταλογογράφησης AACR2
245 1# - ΤΙΤΛΟΣ ΚΑΙ ΔΗΛΩΣΗ ΥΠΕΥΘΥΝΟΤΗΤΑΣ
Τίτλος Capital / A Critique of Political Economy: Volume 2
250 ## - EDITION STATEMENT
Edition statement 1st
260 ## - PUBLICATION, DISTRIBUTION, ETC.
Name of publisher, distributor, etc. Penguin Books,
Date of publication, distribution, etc. 1978
300 ## - PHYSICAL DESCRIPTION
Extent 624
520 ## - SUMMARY, ETC.
Summary, etc. The writer analyses in depth the specific problems of the commodity, the basic cell of capitalist wealth, and fill in his picture of the market and the nature of value and surplus-value. Introduction, Preface, The Process of Circulation of Capital, The Metamorphoses of Capital and Their Circuit, The Circuit of Money Capital, The Circuit of Productive Capital, The Circuit of Commodity Capital, The Three Figures of the Circuit, Circulation Time, The Costs of Circulation, The Turnover of Capital, Turnover Time and Number of Turnovers, Fixed Capital and Circulating Capital, The Overall Turnover of the Capital Advanced Turnover Cycles, Theories of Fixed and Circulating Capital, The Working Period, Production Time, Circulation Time, The Turnover of Variable Capital, The Circulation of Surplus-Value, The Reproduction and Circulation of the Total Social Capital, Former Presentations of the Subject, Simple Reproduction, Accumulation and Reproduction on an Expanded Scale.
700 1# - ΠΡΟΣΘΕΤΗ ΑΝΑΓΡΑΦΗ--ΦΥΣΙΚΟ ΠΡΟΣΩΠΟ
Personal name Marx Karl
9 (RLIN) 1705
942 ## - ADDED ENTRY ELEMENTS (KOHA)
Koha item type Books
Holdings
Τύπος τεκμηρίου Βιβλιοθήκη Τρέχουσα τοποθεσία Barcode Αριθμός εισαγωγής Ημερομηνία απόκτησης Ταξιθετικό σύμβολο Αριθμός αντιτύπου Κατάσταση απόσυρσης Κατάσταση χαμένου Κατάσταση κατεστραμμένου Μη δανεισμός Σύνολο δανεισμών Ημερομηνία τελευταίας εμφάνισης Η τιμή ισχύει από
Books MC Athens Campus Library MC Athens Campus Library 9780000012890 2094 05/06/2025 335.4 MAR V.2 1           05/06/2025 05/06/2025

MC Athens Campus Library
Πατησίων 94 & Κοδριγκτώνος 13, 104 34
Πελλήνης 8 & Πατησίων 107, 112 51
Τ: +30 210 8899600

MC Thessaloniki Campus Library
Ίωνος Δραγούμη 21, 54625 | Ίωνος Δραγούμη 15, 54625
Τ: +30 2310 287779 – Τ: +30 2314 440300